LEADER 00948nam0-2200325---450- 001 990009941650403321 005 20150224134745.0 010 $a978-88-568-4580-8 035 $a000994165 035 $aFED01000994165 035 $a(Aleph)000994165FED01 035 $a000994165 100 $a20150218d2012----km-y0itay50------ba 101 0 $aita 102 $aIT 105 $ay-------001yy 200 1 $aMinori in giudizio$ela convenzione di Strasburgo$fa cura di Giulia Contri 210 $aMilano$cFrancoAngeli$d2012 215 $a200 p.$d23 cm 225 1 $aCollana dell'Associazione italiana dei magistrati per i minorenni e per la famiglia$v15 610 0 $aMinori$aDiritto 676 $a323.352$v19$zita 702 1$aContri,$bGiulia 801 0$aIT$bUNINA$gREICAT$2UNIMARC 901 $aBK 912 $a990009941650403321 952 $aIV F 6$b51097$fFSPBC 959 $aFSPBC 996 $aMinori in giudizio$9821014 997 $aUNINA LEADER 01177nam a22002891i 4500 001 991001352179707536 005 20030123123850.0 008 021213s1969 it |||||||||||||||||ita 035 $ab12135288-39ule_inst 035 $aARCHE-022508$9ExL 040 $aDip.to Filologia Ling. e Lett.$bita$cA.t.i. Arché s.c.r.l. Pandora Sicilia s.r.l. 082 04$a801.9 100 1 $aCostanzo, Mario$0153621 245 10$aInediti di Giovanni Ciampoli :$b1590-1643 /$cMario Costanzo 260 $aRoma :$bM. Bulzoni,$c1969 300 $a205 p. ;$c23 cm 440 0$aCritica e poetica del primo Seicento ;$v1 440 0$aBiblioteca di cultura [Bulzoni] 650 4$aCritica letteraria italiana$ySec. 17. 700 1 $aCiampoli, Giovanni 907 $a.b12135288$b02-04-14$c01-04-03 912 $a991001352179707536 945 $aLE008 Cr B X 17$cV. 1$g1$i2008000157852$lle008$o-$pE0.00$q-$rl$s- $t0$u0$v0$w0$x0$y.i12455969$z01-04-03 945 $aLE008 FL.M. II C 62$g2$iLE008IFM-2903$lle008$o-$pE0.00$q-$rl$s- $t0$u0$v0$w0$x0$y.i12455970$z01-04-03 996 $aInediti di Giovanni Ciampoli$9148191 997 $aUNISALENTO 998 $ale008$b01-04-03$cm$da $e-$fita$git $h0$i2